00604 2200193 4500001002100000005001500021035002000036007000300056008004100059020001600100082001000116084001600126100002000142245005000162260004000212300004300252520009900295600001600394INLIS00000000000052020210831102347 a0010-0821000040ta210831 b 1 ind  a979142710-0 a398.2 a398.2 TIR d0 aTira Ikranegara1 aDongeng Anak-anak Sedunia /cTira Ikranegara aJakarta :bBintang Indonesia,c2004 a160 Halaman :bIlustrasi ;c14 x 19 cm aDahulu kala di belahan dunia ini. Dimusim salju, seorang ratu duduk menjahit di dekat jendela. 4aCerita Anak